000 00978nam a22002777a 4500
001 9447
003 FISKH
005 20260109092131.0
008 260109b cb ||||| |||| 00| 0 eng d
020 _a9781842392348
040 _aFISKH
_beng
_cFISKH
_dFISKH
050 _aPZ7
082 _a823
100 _aAnonymous
_eAuthor
245 _aThe adventure of Sinbad /
260 _aLondon :
_bAlligator Books Limited ,
_c2006
300 _a20 pages :
_bcolor illustrations ;
_c24 cm
505 _aG
520 _aSinbad the Sailor is a legendary mariner from The Arabian Nights tales. Across seven voyages, he faces storms, sea monsters, magic, giant birds, and mystical islands. Each adventure tests his courage, wit, and luck as he seeks fortune and returns home with incredible stories.
521 8 _a400
_bLexile estimate
521 8 _aG
_bRaz-Plus
650 _aStorms
_vSea monsters
650 _aAdventure
_vCourage
942 _2ddc
_cBK
_n0
999 _c9447
_d9447